<?xml version="1.0" encoding="UTF-8"?>
<collection xmlns="http://www.loc.gov/MARC21/slim">
 <record>
  <leader>01678nam a22002297a 4500</leader>
  <controlfield tag="001">NCT_45972</controlfield>
  <controlfield tag="008">180712b        xxu||||| |||| 00| 0 vie d</controlfield>
  <datafield tag="999" ind1=" " ind2=" ">
   <subfield code="c">2201</subfield>
   <subfield code="d">2201</subfield>
  </datafield>
  <datafield tag="020" ind1=" " ind2=" ">
   <subfield code="a">9786049313240</subfield>
   <subfield code="c">169000</subfield>
  </datafield>
  <datafield tag="082" ind1="0" ind2="4">
   <subfield code="2">23rd ed.</subfield>
   <subfield code="a">332.092</subfield>
   <subfield code="b">D216</subfield>
  </datafield>
  <datafield tag="100" ind1="1" ind2=" ">
   <subfield code="a">Brad Feld, Jason Medelson ; Nguyễn Phương Lan (dịch)</subfield>
  </datafield>
  <datafield tag="245" ind1="1" ind2="0">
   <subfield code="a">Cuộc chơi khởi nghiệp :</subfield>
   <subfield code="n">Tập 1</subfield>
   <subfield code="b">Làm thế nào để một công ty khởi nghiệp lọt được vào mắt xanh của những nhà đầu tư đầy kinh nghiệp?</subfield>
   <subfield code="c">Brad Feld, Jason Medelson ; Nguyễn Phương Lan (dịch)</subfield>
  </datafield>
  <datafield tag="260" ind1=" " ind2=" ">
   <subfield code="a">H.</subfield>
   <subfield code="b">Công thương</subfield>
   <subfield code="c">2017</subfield>
  </datafield>
  <datafield tag="300" ind1=" " ind2=" ">
   <subfield code="a">371 tr.</subfield>
   <subfield code="c">21cm</subfield>
  </datafield>
  <datafield tag="520" ind1="3" ind2=" ">
   <subfield code="a">Cuốn sách hữu ích cho người đã và chưa có kinh nghiệm tham gia vào quá trình lập các thỏa thuận đầu tư trong hoạt động đầu tư mạo hiểm, hoặc với những bạn sinh viên các ngành tài chính, ngân hàng, đầu tư đang ngồi trên ghế nhà trường có mong muốn việc làm cho các quỹ đầu tư hoặc mong muốn khởi nghiệp tronhg tương lai</subfield>
  </datafield>
  <datafield tag="653" ind1=" " ind2=" ">
   <subfield code="a">Sách tham khảo</subfield>
  </datafield>
  <datafield tag="700" ind1="1" ind2=" ">
   <subfield code="a">Anh Tuấn</subfield>
   <subfield code="e">dịch</subfield>
  </datafield>
  <datafield tag="700" ind1="1" ind2=" ">
   <subfield code="a"> Medelson, Jason</subfield>
  </datafield>
  <datafield tag="942" ind1=" " ind2=" ">
   <subfield code="2">ddc</subfield>
   <subfield code="c">BK</subfield>
  </datafield>
  <datafield tag="952" ind1=" " ind2=" ">
   <subfield code="0">0</subfield>
   <subfield code="1">0</subfield>
   <subfield code="2">ddc</subfield>
   <subfield code="4">0</subfield>
   <subfield code="6">332_092000000000000_D216</subfield>
   <subfield code="7">0</subfield>
   <subfield code="9">12538</subfield>
   <subfield code="a">000001</subfield>
   <subfield code="b">000001</subfield>
   <subfield code="d">2018-07-12</subfield>
   <subfield code="o">332.092 D216</subfield>
   <subfield code="p">TK.00526</subfield>
   <subfield code="r">2018-07-12</subfield>
   <subfield code="v">169000.00</subfield>
   <subfield code="w">2018-07-12</subfield>
   <subfield code="y">BK</subfield>
  </datafield>
  <datafield tag="952" ind1=" " ind2=" ">
   <subfield code="0">0</subfield>
   <subfield code="1">0</subfield>
   <subfield code="2">ddc</subfield>
   <subfield code="4">0</subfield>
   <subfield code="6">332_092000000000000_D216</subfield>
   <subfield code="7">0</subfield>
   <subfield code="9">12539</subfield>
   <subfield code="a">000001</subfield>
   <subfield code="b">000001</subfield>
   <subfield code="d">2018-07-12</subfield>
   <subfield code="o">332.092 D216</subfield>
   <subfield code="p">TK.00527</subfield>
   <subfield code="r">2018-07-12</subfield>
   <subfield code="v">169000.00</subfield>
   <subfield code="w">2018-07-12</subfield>
   <subfield code="y">BK</subfield>
  </datafield>
  <datafield tag="980" ind1=" " ind2=" ">
   <subfield code="a">Thư viện Trường Đại học Nam Cần Thơ</subfield>
  </datafield>
 </record>
</collection>
